000 00363nam a22001217a 4500
008 230606b xxu||||| |||| 00| 0 eng d
082 _a341.249
245 _aKonrad Adenauer Stiftung
_bLibrairie Africaine D'etudes Juridiques
260 _aNairobi,Kenya
_bRule of Law Program for Sub-Saharan Africa
_cOctober,2011
300 _aI,91p
440 _v7
942 _2ddc
_cBK
999 _c506
_d506